The Biggest Cities in Campania - Statistics

General Stats
  • This quiz has been taken 13 times
  • The average score is 18 of 127
Answer Stats
Inhabitants Province City % Correct
908,082 Napoli Napoli
100%
125,958 Salerno Salerno
89%
51,910 Avellino Avellino
78%
55,645 Benevento Benevento
78%
72,632 Caserta Caserta
78%
23,612 Napoli Pompei
78%
15,163 Napoli Sorrento
67%
79,294 Napoli Torre del Greco
56%
61,449 Napoli Afragola
44%
17,914 Caserta Capua
44%
62,157 Napoli Castellammare di Stabia
44%
49,344 Napoli Ercolano
44%
75,192 Napoli Pozzuoli
44%
39,667 Napoli Torre Annunziata
44%
58,535 Napoli Acerra
33%
21,283 Salerno Agropoli
33%
49,295 Caserta Aversa
33%
49,395 Salerno Battipaglia
33%
73,491 Napoli Casoria
33%
43,424 Salerno Nocera Inferiore
33%
20,690 Avellino Ariano Irpino
22%
25,741 Napoli Boscoreale
22%
21,674 Caserta Casal di Principe
22%
18,160 Napoli Casavatore
22%
30,686 Caserta Castel Volturno
22%
49,754 Salerno Cava de' Tirreni
22%
124,633 Napoli Giugliano in Campania
22%
36,143 Napoli Melito di Napoli
22%
23,495 Salerno Nocera Superiore
22%
34,089 Napoli Nola
22%
41,748 Napoli San Giorgio a Cremano
22%
32,081 Caserta Santa Maria Capua Vetere
22%
33,341 Napoli Somma Vesuviana
22%
34,136 Salerno Angri
11%
10,267 Avellino Atripalda
11%
24,960 Napoli Bacoli
11%
16,859 Salerno Baronissi
11%
35,922 Napoli Caivano
11%
22,412 Salerno Capaccio Paestum
11%
46,614 Napoli Casalnuovo di Napoli
11%
16,733 Napoli Cercola
11%
37,578 Salerno Eboli
11%
28,473 Napoli Frattamaggiore
11%
15,297 Napoli Frattaminore
11%
19,499 Napoli Ischia
11%
36,666 Caserta Maddaloni
11%
57,639 Napoli Marano di Napoli
11%
38,159 Caserta Marcianise
11%
21,451 Salerno Mercato San Severino
11%
11,467 Avellino Mercogliano
11%
12,286 Salerno Montecorvino Rovella
11%
12,952 Benevento Montesarchio
11%
35,231 Napoli Mugnano di Napoli
11%
23,243 Napoli Ottaviano
11%
35,086 Salerno Pagani
11%
12,940 Caserta Parete
11%
22,609 Napoli Poggiomarino
11%
39,751 Napoli Pomigliano d'Arco
11%
26,581 Salerno Pontecagnano Faiano
11%
51,351 Napoli Portici
11%
12,142 Salerno Sala Consilina
11%
18,911 Napoli Sant'Antonio Abate
11%
30,751 Salerno Sarno
11%
47,706 Salerno Scafati
11%
20,067 Caserta Sessa Aurunca
11%
11,954 Avellino Solofra
11%
11,033 Caserta Teano
11%
20,176 Napoli Vico Equense
11%
12,957 Caserta Villa Literno
11%
31,782 Napoli Arzano
0%
10,015 Napoli Barano d'Ischia
0%
13,299 Salerno Bellizzi
0%
15,971 Napoli Brusciano
0%
12,582 Napoli Calvizzano
0%
17,060 Salerno Campagna
0%
10,001 Caserta Capodrise
0%
21,413 Napoli Cardito
0%
12,834 Caserta Casagiove
0%
13,020 Napoli Casandrino
0%
13,705 Salerno Castel San Giorgio
0%
12,294 Napoli Cicciano
0%
11,616 Napoli Crispano
0%
14,110 Salerno Fisciano
0%
17,539 Napoli Forio
0%
11,456 Salerno Giffoni Valle Piana
0%
27,661 Napoli Gragnano
0%
13,030 Caserta Gricignano di Aversa
0%
17,034 Napoli Grumo Nevano
0%
16,275 Caserta Lusciano
0%
10,032 Caserta Macerata Campania
0%
29,317 Napoli Marigliano
0%
14,165 Napoli Massa Lubrense
0%
28,462 Caserta Mondragone
0%
11,119 Salerno Montecorvino Pugliano
0%
11,805 Napoli Monte di Procida
0%
11,417 Avellino Monteforte Irpino
0%
19,424 Avellino Montoro
0%
27,420 Caserta Orta di Atella
0%
16,255 Napoli Palma Campania
0%
10,884 Salerno Pellezzano
0%
12,200 Napoli Piano di Sorrento
0%
10,021 Caserta Piedimonte Matese
0%
12,648 Napoli Pollena Trocchia
0%
10,026 Napoli Procida
0%
24,652 Napoli Qualiano
0%
41,450 Napoli Quarto
0%
13,351 Caserta San Cipriano d'Aversa
0%
16,824 Caserta San Felice a Cancello
0%
12,086 Napoli San Gennaro Vesuviano
0%
30,414 Napoli San Giuseppe Vesuviano
0%
14,789 Caserta San Marcellino
0%
10,192 Salerno San Marzano sul Sarno
0%
21,858 Caserta San Nicola la Strada
0%
12,075 Caserta San Prisco
0%
10,085 Benevento Sant'Agata de'Goti
0%
14,383 Caserta Santa Maria a Vico
0%
11,763 Napoli Santa Maria la Carità
0%
26,137 Napoli Sant'Anastasia
0%
32,428 Napoli Sant'Antimo
0%
15,288 Caserta Sant'Arpino
0%
10,922 Salerno San Valentino Torio
0%
15,904 Napoli Saviano
0%
17,189 Napoli Terzigno
0%
14,979 Caserta Teverola
0%
20,681 Caserta Trentola Ducenta
0%
31,355 Napoli Villaricca
0%
25,830 Napoli Volla
0%
No matching quizzes found
Score Distribution
Percent of People with Each Score
Percentile by Number Answered
Your Score History
You have not taken this quiz